<?xml version="1.0" encoding="UTF-8"?>
<record
    xmlns:xsi="http://www.w3.org/2001/XMLSchema-instance"
    xsi:schemaLocation="http://www.loc.gov/MARC21/slim http://www.loc.gov/standards/marcxml/schema/MARC21slim.xsd"
    xmlns="http://www.loc.gov/MARC21/slim">

  <leader>00773nam a22001577a 4500</leader>
  <controlfield tag="008">100628t        xxu||||| |||| 00| 0 eng d</controlfield>
  <datafield tag="082" ind1=" " ind2=" ">
    <subfield code="2">22</subfield>
    <subfield code="a">338.0962</subfield>
    <subfield code="b">&#x642; &#x627; &#x633; </subfield>
  </datafield>
  <datafield tag="100" ind1=" " ind2=" ">
    <subfield code="9">15384</subfield>
    <subfield code="a">&#x642;&#x627;&#x633;&#x645;&#x60C;&#x646;&#x648;&#x627;&#x644; </subfield>
  </datafield>
  <datafield tag="245" ind1=" " ind2=" ">
    <subfield code="a">&#x62A;&#x637;&#x648;&#x631; &#x627;&#x644;&#x635;&#x646;&#x627;&#x639;&#x629; &#x627;&#x644;&#x645;&#x635;&#x631;&#x64A;&#x629; &#x645;&#x646;&#x630; &#x639;&#x647;&#x62F; &#x645;&#x62D;&#x645;&#x62F; &#x639;&#x644;&#x649; &#x62D;&#x62A;&#x649; &#x639;&#x647;&#x62F; &#x639;&#x628;&#x62F; &#x627;&#x644;&#x646;&#x627;&#x635;&#x631; </subfield>
    <subfield code="c">&#x646;&#x648;&#x627;&#x644;  &#x642;&#x627;&#x633;&#x645; </subfield>
  </datafield>
  <datafield tag="260" ind1=" " ind2=" ">
    <subfield code="a">&#x627;&#x644;&#x642;&#x627;&#x647;&#x631;&#x629;:</subfield>
    <subfield code="b">&#x645;&#x643;&#x62A;&#x628;&#x629; &#x645;&#x62F;&#x628;&#x648;&#x644;&#x649; &#x60C;</subfield>
    <subfield code="c">1987.</subfield>
  </datafield>
  <datafield tag="300" ind1=" " ind2=" ">
    <subfield code="a">365 &#x635;.</subfield>
    <subfield code="c">24&#x633;&#x645;.</subfield>
  </datafield>
  <datafield tag="651" ind1=" " ind2=" ">
    <subfield code="9">15390</subfield>
    <subfield code="a">&#x645;&#x635;&#x631; </subfield>
    <subfield code="x">&#x627;&#x644;&#x635;&#x646;&#x627;&#x639;&#x627;&#x62A; </subfield>
  </datafield>
  <datafield tag="651" ind1=" " ind2=" ">
    <subfield code="9">15393</subfield>
    <subfield code="a">&#x645;&#x635;&#x631; </subfield>
    <subfield code="x">&#x623;&#x62D;&#x648;&#x627;&#x644; &#x625;&#x642;&#x62A;&#x635;&#x627;&#x62F;&#x64A;&#x629; </subfield>
    <subfield code="y">&#x62A;&#x627;&#x631;&#x64A;&#x62E; 1805-1970</subfield>
  </datafield>
  <datafield tag="942" ind1=" " ind2=" ">
    <subfield code="2">ddc</subfield>
    <subfield code="c">BB</subfield>
  </datafield>
  <datafield tag="999" ind1=" " ind2=" ">
    <subfield code="c">14267</subfield>
    <subfield code="d">14267</subfield>
  </datafield>
  <datafield tag="952" ind1=" " ind2=" ">
    <subfield code="0">0</subfield>
    <subfield code="1">0</subfield>
    <subfield code="2">ddc</subfield>
    <subfield code="4">0</subfield>
    <subfield code="7">0</subfield>
    <subfield code="8"> </subfield>
    <subfield code="a">MAIN</subfield>
    <subfield code="b">MAIN</subfield>
    <subfield code="c">1ST</subfield>
    <subfield code="d">2010-06-28</subfield>
    <subfield code="e">Donation</subfield>
    <subfield code="l">1</subfield>
    <subfield code="o">338.0962 &#x642; &#x627; &#x633;</subfield>
    <subfield code="p">000021181</subfield>
    <subfield code="r">2025-07-15 00:00:00</subfield>
    <subfield code="s">2016-03-23</subfield>
    <subfield code="y">BB</subfield>
  </datafield>
</record>
